000 00654cam a22002293a 4500
001 6421
003 PGUSA
005 20140828083132.0
008 040901s2004||||xxu|||||s|||||000 1 eng d
040 _aPGUSA
_beng
042 _adc
050 4 _aPT
100 1 _aMeyer, Conrad Ferdinand,
_d1825-1898
245 1 0 _aAngela Borgia
_h[electronic resource] /
_cConrad Ferdinand Meyer
260 _bProject Gutenberg,
_c2004
506 _aPublic domain in the USA.
516 _aElectronic text
653 _aItaly -- History -- 1492-1559 -- Fiction
830 0 _aProject Gutenberg
_v6421
856 4 0 _uhttp://www.gutenberg.org/ebooks/6421
942 _cEB
999 _c235744
_d235744